• 首页
  • 本馆介绍
  • 公告通知
  • 最新文献
  • 馆藏检索
  • 电子资源
  • 读者导购
  • 参考咨询
  • 我的图书馆
  • 登录
  • 详细信息显示
  • 放入我的书架
  • 预约/预借图书
  • 作者相关作品
  • 分类相关作品
  • 丛书相关作品
  • 出版社相关作品

书目信息

  • 表格格式
  • 工作单格式
  • 卡片格式
题名:
透视3D打印
    
 
作者: ;华融证券3D打印研究小组 编著
分册:  
出版信息: 北京   中国经济出版社  2017
页数: 296页
开本: 24cm
丛书名:
单 册:
中图分类: TS853
科图分类:
主题词: 立体印刷--Li Ti Yin Shua--印刷术
电子资源:
ISBN: 978-7-5136-4570-6
000 01075nam0 2200277 450
001 012001003258
005 20140129161636.0
010    @a978-7-5136-4570-6@dCNY68.00
099    @aCAL 012017092135
100    @a20170609d2017 em y0chiy50 ea
101 0  @achi
102    @aCN@b110000
105    @aa a 000yy
106    @ar
200 1  @a透视3D打印@ATou Shi 3d Da Yin@e资本的视角@d= 3D printing@eperspective of capital@f华融证券3D打印研究小组编著@zeng
210    @a北京@c中国经济出版社@d2017
215    @a296页@c图@d24cm
320    @a有书目
330    @a本书内容涵盖3D打印发展历程及工作原理、3D打印政策、3D打印材料、3D打印技术、3D打印应用、3D打印市场、3D打印行业竞争格局以及我们对我国3D打印行业的研判。后附部分3D打印重点企业介绍。
510 1  @a3D printing@eperspective of capital@zeng
517 1  @a资本的视角@AZi Ben De Shi Jiao
606 0  @a立体印刷@ALi Ti Yin Shua@x印刷术
690    @aTS853@v4
711 02 @a华融证券3D打印研究小组@AHua Rong Zheng Quan 3d Da Yin Yan Jiu Xiao Zu@4编著
801  2 @aCN@b北京卓展@c20191020
905    @b1210971-4@dTS853@e82@f4
    
    透视3D打印:资本的视角= 3D printing:perspective of capital/华融证券3D打印研究小组编著.-北京:中国经济出版社,2017
    296页:图;24cm
    
    
    ISBN 978-7-5136-4570-6:CNY68.00
    本书内容涵盖3D打印发展历程及工作原理、3D打印政策、3D打印材料、3D打印技术、3D打印应用、3D打印市场、3D打印行业竞争格局以及我们对我国3D打印行业的研判。后附部分3D打印重点企业介绍。
●
相关链接 在E读中查询图书 在五车中查询图书 在当当中查询图书 在豆瓣中查询图书


正题名:透视3D打印     索取号:TS853/82         预约/预借

序号 登录号 条形码 馆藏地/架位号 状态 备注
1 1210971   212109715   第二样本阅览室/ [索取号:TS853/82] 在馆    
2 1210972   212109724   第三借阅区/ [索取号:TS853/82] 在馆    
3 1210973   212109733   第三借阅区/ [索取号:TS853/82] 在馆    
4 1210974   212109742   第三借阅区/ [索取号:TS853/82] 在馆    
唐山师范学院图书馆 欢迎您!
大连网信软件有限公司© 版权所有